000 00983nam a2200289 i 4500
001 000035907
003 DO-SdBNP
005 20241112110650.0
007 ta
008 111115s2011 dr abc 000 0 spa d
020 _a9789945164237
040 _aDO-SdBNP
_bspa
_cBNPHU
_erda
049 _aBNPD
082 4 _axxx
_bS237d
_222
100 1 _aSantos Hernández, Roberto,
_d1948-
_eautor
_4aut.
_931139
245 1 0 _aDe César Constantino a Juan Bosch en la relación Iglesia-Estado :
_bensayo /
_cRoberto Santos Hernández.
264 4 _aSanto Domingo :
_bEditora Búho,
_c2011.
300 _a91 páginas ;
_c23 cm.
336 _atexto
_btxt
_2rdacontent
337 _asin mediación
_bn
_2rdamedia
338 _avolumen
_bnc
_2rdacarrier
500 _aA propósito del XVII centenario del Edicto de Milán
500 _aIncluye datos biográficos del autor en la contracubierta
504 _aBibliografía : páginas 89-91
590 _aInventariado, 2024/BT
942 _2ddc
_cLBS1
999 _c35398
_d35398